| 000 | 00717nam a2200217Ii 4500 | ||
|---|---|---|---|
| 003 | JO-AjNU | ||
| 008 | 230605s9999||||xx |||||||||||||| ||und|| | ||
| 017 | _a2012/3/1000 | ||
| 040 |
_aJO-AjNU _bara _erda _cJO-AjNU |
||
| 041 | _aara | ||
| 050 | 1 | 4 | _aPN2960.J6.N34 2012 |
| 100 | 3 |
_aناجي، حسن, _eauthor _948976 |
|
| 245 | 0 | 0 | _aالحركة المسرحية الأردنية: إربد من 1920-2010 |
| 250 | _aط1 | ||
| 264 | 3 | 1 | _aعمان: وزارة الثقافة، 2012 |
| 300 | _a368ص | ||
| 336 |
_atext _btxt _2rdacontent |
||
| 337 |
_aunmediated _bn _2rdamedia |
||
| 338 |
_avolume _bnc _2rdacarrier |
||
| 650 | 4 |
_aالمسرح - المسرح الأردني - إربد - تاريخ ونقد _948977 |
|
| 999 |
_aA21483 _c25051 _d25051 |
||